[Event "Titled Tuesday 2023.01.24 Late"]
[Site "Chess.com INT"]
[Date "2023.01.24"]
[Round "7"]
[White "Argandona Riveiro, Inigo"]
[Black "Keleberda, Tymur"]
[Result "1-0"]
[WhiteElo "2359"]
[BlackElo "2282"]
[WhiteFideId "-1"]
[BlackFideId "-1"]
[PlyCount "165"]
[GameId "1874951561539584"]
[EventDate "2023.01.24"]
[EventType "swiss (blitz)"]
[EventRounds "11"]
[EventCountry "NET"]
[SourceTitle "EXT 2024"]
[Source "ChessBase"]
[SourceDate "2023.10.10"]
[SourceVersion "1"]
[SourceVersionDate "2023.10.10"]
[SourceQuality "1"]

1. Nf3 Nf6 2. c4 c5 3. Nc3 d5 4. cxd5 Nxd5 5. g3 Nc6 6. Bg2 Nc7 7. b3 e5 8. Bb2 f6 9. O-O Be6 10. Qb1 Be7 11. Rd1 O-O 12. d3 Rb8 13. Rd2 Qd7 14. Qf1 Nd4 15. Rad1 b5 16. e3 Nc6 17. d4 cxd4 18. exd4 exd4 19. Nxd4 Nxd4 20. Rxd4 Qe8 21. Re1 Qf7 22. Rde4 Rfe8 23. Qe2 Bc5 24. Bc1 Bf5 25. Rxe8+ Rxe8 26. Qxe8+ Nxe8 27. Bd5 Nd6 28. Bxf7+ Kxf7 29. Bf4 b4 30. Na4 Ne4 31. Rxe4 Bxf2+ 32. Kxf2 Bxe4 33. Bd6 Bb1 34. Bxb4 Bxa2 35. Nc5 Bb1 36. Ke3 Kg6 37. Bc3 Kf5 38. b4 Ba2 39. Bd4 Bc4 40. Ne4 Bf1 41. Bxa7 Kg4 42. Nf2+ Kf5 43. Bd4 h5 44. Nd3 g5 45. b5 Bg2 46. b6 h4 47. Nc5 Bc6 48. b7 Bxb7 49. Nxb7 hxg3 50. hxg3 Kg4 51. Bxf6 Kxg3 52. Bxg5 Kg4 53. Bf4 Kf5 54. Nc5 Kg4 55. Ke4 Kh3 56. Kf3 Kh4 57. Ne6 Kh5 58. Nd4 Kh4 59. Be3 Kh3 60. Bf2 Kh2 61. Ne2 Kh1 62. Ng3+ Kh2 63. Be3 Kh3 64. Bg1 Kh4 65. Ne4 Kh3 66. Ng5+ Kh4 67. Kf4 Kh5 68. Kf5 Kh4 69. Bf2+ Kh5 70. Ne6 Kh6 71. Bg3 Kh5 72. Ng7+ Kh6 73. Kf6 Kh7 74. Kf7 Kh6 75. Bf4+ Kh7 76. Bg5 Kh8 77. Ne6 Kh7 78. Nd4 Kh8 79. Bh6 Kh7 80. Bf8 Kh8 81. Ne6 Kh7 82. Ng5+ Kh8 83. Bg7# 1-0

[Event "Titled Tuesday 2023.01.24 Late"]
[Site "Chess.com INT"]
[Date "2023.01.24"]
[Round "8"]
[White "Keleberda, Tymur"]
[Black "Gerbelli Neto, Eduardo"]
[Result "0-1"]
[WhiteElo "2282"]
[BlackElo "2114"]
[WhiteFideId "-1"]
[BlackFideId "-1"]
[PlyCount "114"]
[GameId "1874951561932800"]
[EventDate "2023.01.24"]
[EventType "swiss (blitz)"]
[EventRounds "11"]
[EventCountry "NET"]
[SourceTitle "EXT 2024"]
[Source "ChessBase"]
[SourceDate "2023.10.10"]
[SourceVersion "1"]
[SourceVersionDate "2023.10.10"]
[SourceQuality "1"]

1. e4 e5 2. Nf3 Nc6 3. Bc4 Nf6 4. d4 exd4 5. e5 d5 6. Bb5 Ne4 7. Nxd4 Bc5 8. Be3 Bd7 9. Bxc6 bxc6 10. f3 Ng5 11. O-O Qe7 12. f4 Ne4 13. Nd2 f5 14. Nxe4 fxe4 15. c4 O-O 16. Qd2 Rab8 17. Rab1 a5 18. Nc2 Be6 19. Bxc5 Qxc5+ 20. Nd4 dxc4 21. Qe3 Bd5 22. Rfd1 a4 23. a3 Rb3 24. Qf2 Rd3 25. Ne2 e3 26. Qg3 Rd2 27. Rxd2 exd2+ 28. Qf2 Qxf2+ 29. Kxf2 Be4 30. Rd1 Rd8 31. Ke3 Bxg2 32. Rxd2 Rb8 33. Nc3 Bd5 34. Nxa4 Kf7 35. Nc3 Ke6 36. Rf2 g6 37. Kd4 Rb3 38. Kc5 Rb8 39. a4 Ra8 40. Rf1 Ra5+ 41. Kb4 Ra8 42. a5 Rb8+ 43. Kc5 Rxb2 44. a6 Rb3 45. Ra1 Rxc3 46. a7 Rb3 47. Ra5 Rb5+ 48. Rxb5 cxb5 49. Kxb5 c3 50. Kb4 c2 51. a8=Q Bxa8 52. Kc3 c1=Q+ 53. Kd4 Qc6 54. Ke3 Qe4+ 55. Kf2 Kf5 56. Kg3 Qxf4+ 57. Kh3 Qg4# 0-1

[Event "Titled Tuesday 2023.01.24 Late"]
[Site "chess.com INT"]
[Date "2023.01.24"]
[Round "2"]
[White "Papasimakopoulos, Alexandros"]
[Black "Keleberda, Tymur"]
[Result "1-0"]
[WhiteElo "2334"]
[BlackElo "2282"]
[WhiteFideId "-1"]
[BlackFideId "-1"]
[PlyCount "69"]
[GameId "2130307564331888"]
[EventDate "2023.01.24"]
[EventType "swiss (blitz)"]
[EventRounds "11"]
[EventCountry "NET"]
[SourceTitle "The Week in Chess 1473"]
[Source "Mark Crowther"]
[SourceDate "2023.01.30"]
[SourceVersion "1"]
[SourceVersionDate "2023.01.30"]
[SourceQuality "2"]

1. d4 Nf6 2. c4 e6 3. Nc3 Bb4 4. Qc2 d6 5. a3 Bxc3+ 6. Qxc3 Nbd7 7. f3 Qe7 8. e4 e5 9. d5 O-O 10. Bd3 Ne8 11. Ne2 a5 12. b4 axb4 13. axb4 Rxa1 14. Qxa1 g6 15. Ng3 Ng7 16. O-O f5 17. f4 exf4 18. Bxf4 Ne5 19. Be2 fxe4 20. Bxe5 Rxf1+ 21. Bxf1 dxe5 22. Nxe4 Nf5 23. c5 Nd4 24. d6 Qf7 25. Qa8 Qf8 26. d7 Bxd7 27. Nf6+ Kf7 28. Qxf8+ Kxf8 29. Nxd7+ Ke7 30. Nxe5 Ke6 31. Nf3 Nc2 32. Bc4+ Kf6 33. b5 c6 34. b6 Ke7 35. Kf2 1-0

[Event "Titled Tuesday 2023.01.24 Late"]
[Site "chess.com INT"]
[Date "2023.01.24"]
[Round "4"]
[White "Keleberda, Tymur"]
[Black "Fernandez Guillen, Ernesto"]
[Result "0-1"]
[WhiteElo "2282"]
[BlackElo "2454"]
[WhiteFideId "-1"]
[BlackFideId "-1"]
[PlyCount "61"]
[GameId "2130307564336044"]
[EventDate "2023.01.24"]
[EventType "swiss (blitz)"]
[EventRounds "11"]
[EventCountry "NET"]
[SourceTitle "The Week in Chess 1473"]
[Source "Mark Crowther"]
[SourceDate "2023.01.30"]
[SourceVersion "1"]
[SourceVersionDate "2023.01.30"]
[SourceQuality "2"]

1. e4 e5 2. Nf3 Nc6 3. Bc4 g6 4. c3 Bg7 5. d4 exd4 6. cxd4 d6 7. h3 Nge7 8. Nc3 O-O 9. O-O h6 10. Be3 Kh7 11. Qd2 f5 12. d5 fxe4 13. Nxe4 Rxf3 14. dxc6 Rf8 15. cxb7 Bxb7 16. Ng3 d5 17. Bd3 d4 18. Bf4 Nd5 19. Be4 Rxf4 20. Bxd5 Qxd5 21. f3 Raf8 22. Rae1 Qg5 23. Nh1 Rxf3 24. Qxg5 Rxf1+ 25. Rxf1 Rxf1+ 26. Kxf1 hxg5 27. Nf2 c5 28. g3 c4 29. Ke2 d3+ 30. Ke3 Bxb2 31. Ne4 0-1

[Event "Titled Tuesday 2023.01.10 Late"]
[Site "Chess.com INT"]
[Date "2023.01.10"]
[Round "10"]
[White "Keleberda, Tymur"]
[Black "Ruiz Castillo, Joshua Daniel"]
[Result "1-0"]
[WhiteElo "2282"]
[BlackElo "2460"]
[WhiteFideId "-1"]
[BlackFideId "-1"]
[PlyCount "87"]
[GameId "1869892235296768"]
[EventDate "2023.01.10"]
[EventType "swiss (blitz)"]
[EventRounds "11"]
[EventCountry "NET"]
[SourceTitle "EXT 2024"]
[Source "ChessBase"]
[SourceDate "2023.10.10"]
[SourceVersion "1"]
[SourceVersionDate "2023.10.10"]
[SourceQuality "1"]

1. e4 c6 2. d4 d5 3. e5 Bf5 4. h4 h5 5. Bd3 Bxd3 6. Qxd3 e6 7. Bg5 Qa5+ 8. Nd2 Ne7 9. Bxe7 Bxe7 10. Ngf3 c5 11. dxc5 Nd7 12. O-O Nxc5 13. Qe3 Qb4 14. Nd4 Bxh4 15. a3 Qb6 16. b4 Nd7 17. c4 Bg5 18. Qxg5 Qxd4 19. cxd5 Qxe5 20. Qxe5 Nxe5 21. dxe6 f6 22. Rac1 Rd8 23. Ne4 Nc6 24. Nc5 b6 25. Na6 Nd4 26. Rfe1 Ke7 27. Rc7+ Kd6 28. e7 Rde8 29. Rxa7 Nf5 30. Rb7 Rxe7 31. Rxb6+ Kd5 32. Rb5+ Kc6 33. Rc5+ Kb6 34. Rxe7 Nxe7 35. Nc7 Rd8 36. a4 Rd1+ 37. Kh2 Nc6 38. Nd5+ Kb7 39. a5 Rd4 40. a6+ Ka7 41. b5 Na5 42. Rc7+ Ka8 43. b6 Rxd5 44. Rc8# 1-0

[Event "Excelsior January op"]
[Site "Toronto CAN"]
[Date "2023.01.06"]
[Round "1.5"]
[White "Deshpande, Sarthak"]
[Black "Keleberda, Tymur"]
[Result "0-1"]
[WhiteElo "1964"]
[BlackElo "2216"]
[WhiteFideId "-1"]
[BlackFideId "-1"]
[PlyCount "108"]
[GameId "2160767907251793"]
[EventDate "2023.01.06"]
[EventType "swiss"]
[EventRounds "5"]
[EventCountry "CAN"]

1. d4 Nf6 2. c4 e6 3. Nf3 b6 4. g3 Bb7 5. Bg2 Be7 6. O-O O-O 7. Nc3 Ne4 8. Qc2 Nxc3 9. Qxc3 c5 10. Rd1 Bf6 11. Qc2 Nc6 12. Be3 Qe7 13. a3 d6 14. Rd2 e5 15. d5 Nd4 16. Bxd4 cxd4 17. e3 dxe3 18. fxe3 g6 19. e4 Bg7 20. Bh3 Bc8 21. Bxc8 Raxc8 22. Rdd1 b5 23. b3 bxc4 24. bxc4 Qc7 25. Rac1 Bh6 26. Nd2 f5 27. Qd3 fxe4 28. Nxe4 Bxc1 29. Rxc1 Qb6+ 30. Kg2 Rc7 31. Rb1 Qa6 32. Rb4 Rcf7 33. Qe3 Qc8 34. Qg5 a5 35. Ra4 Qb7 36. Qd2 Qb1 37. Qe2 Rb7 38. Nc3 Rb2 39. Nxb1 Rxe2+ 40. Kh3 Rff2 41. Rxa5 Rxh2+ 42. Kg4 Kg7 43. c5 Re3 44. Ra7+ Kf6 45. Rxh7 Rxh7 46. cxd6 Rd3 47. a4 Rb7 48. a5 Rxb1 49. a6 Rb4+ 50. Kh3 Rxd5 51. a7 Ra4 52. d7 Rxd7 53. g4 Ra3+ 54. Kh4 Rh7# 0-1

[Event "Excelsior January op"]
[Site "Toronto CAN"]
[Date "2023.01.07"]
[Round "2.2"]
[White "Keleberda, Tymur"]
[Black "Sanchez, Victor"]
[Result "1-0"]
[WhiteElo "2216"]
[BlackElo "2322"]
[WhiteFideId "-1"]
[BlackFideId "-1"]
[PlyCount "69"]
[GameId "2160767907251798"]
[EventDate "2023.01.06"]
[EventType "swiss"]
[EventRounds "5"]
[EventCountry "CAN"]

1. e4 c5 2. Nf3 d6 3. c3 Nf6 4. h3 g6 5. Bd3 Bg7 6. Bc2 O-O 7. d4 cxd4 8. cxd4 d5 9. e5 Ne4 10. O-O f6 11. Nc3 Nxc3 12. bxc3 fxe5 13. dxe5 Nc6 14. Re1 Bf5 15. Bb3 e6 16. Ba3 Rf7 17. Bd6 g5 18. Nd4 Nxd4 19. cxd4 Bf8 20. Bxf8 Qxf8 21. Re3 Bg6 22. Qd2 Rf4 23. Rc1 Qh6 24. Qb4 Raf8 25. Qe7 Rxf2 26. Qxe6+ Kh8 27. Bxd5 g4 28. Rc8 Rf1+ 29. Kh2 Qf4+ 30. Rg3 Rxc8 31. Qxc8+ Kg7 32. Qg8+ Kh6 33. hxg4 Qc1 34. Rh3+ Kg5 35. Qd8+ 1-0

[Event "Excelsior January op"]
[Site "Toronto CAN"]
[Date "2023.01.07"]
[Round "3.2"]
[White "Keleberda, Tymur"]
[Black "Laughlin, Braden"]
[Result "1-0"]
[WhiteElo "2216"]
[BlackElo "1942"]
[WhiteFideId "-1"]
[BlackFideId "-1"]
[PlyCount "67"]
[GameId "2160767907317342"]
[EventDate "2023.01.06"]
[EventType "swiss"]
[EventRounds "5"]
[EventCountry "CAN"]

1. e4 c5 2. Nf3 Nc6 3. Bb5 g6 4. Bxc6 dxc6 5. d3 Bg7 6. h3 e5 7. Be3 b6 8. a3 Qe7 9. Nbd2 Nf6 10. Qb1 a5 11. Nc4 Nd7 12. b4 axb4 13. axb4 Rxa1 14. Qxa1 cxb4 15. Nxb6 Nxb6 16. Bxb6 O-O 17. Qa5 Re8 18. Bc5 Qe6 19. Bxb4 h6 20. O-O Kh7 21. Ra1 f5 22. Qc7 Qf6 23. Ra7 fxe4 24. dxe4 g5 25. Bc3 Kg6 26. Nxe5+ Rxe5 27. Bxe5 Qxe5 28. Qf7+ Kh7 29. Re7 Qb2 30. Kh2 Kh8 31. Qg6 Be5+ 32. g3 Bxg3+ 33. Kg2 Bxh3+ 34. Kxh3 1-0

[Event "Excelsior January op"]
[Site "Toronto CAN"]
[Date "2023.01.08"]
[Round "4.1"]
[White "Noritsyn, Nikolay"]
[Black "Keleberda, Tymur"]
[Result "1-0"]
[WhiteElo "2564"]
[BlackElo "2216"]
[WhiteFideId "-1"]
[BlackFideId "-1"]
[PlyCount "43"]
[GameId "2160767907317349"]
[EventDate "2023.01.06"]
[EventType "swiss"]
[EventRounds "5"]
[EventCountry "CAN"]

1. d4 Nf6 2. Nf3 e6 3. c4 b6 4. Bf4 Bb7 5. e3 d5 6. Nc3 Bd6 7. Bg3 O-O 8. Qc2 Bxg3 9. hxg3 h6 10. cxd5 exd5 11. O-O-O Nbd7 12. Kb1 a6 13. Bd3 Re8 14. Bf5 Ne4 15. g4 Ndf6 16. Ne5 b5 17. f3 Nd6 18. g5 hxg5 19. g4 Nc4 20. Qh2 Kf8 21. Qh8+ Ke7 22. Qxg7 1-0

[Event "Excelsior January op"]
[Site "Toronto CAN"]
[Date "2023.01.08"]
[Round "5.2"]
[White "Rusonik, Max"]
[Black "Keleberda, Tymur"]
[Result "1-0"]
[WhiteElo "2302"]
[BlackElo "2216"]
[WhiteFideId "-1"]
[BlackFideId "-1"]
[PlyCount "67"]
[GameId "2160767907317359"]
[EventDate "2023.01.06"]
[EventType "swiss"]
[EventRounds "5"]
[EventCountry "CAN"]

1. e4 c5 2. Nf3 d6 3. d4 cxd4 4. Nxd4 Nf6 5. Nc3 a6 6. Bg5 e6 7. Qe2 Be7 8. h4 h6 9. Bd2 b5 10. a3 Bb7 11. O-O-O Nbd7 12. g4 Ne5 13. Rg1 Nfd7 14. g5 g6 15. f4 Nc4 16. h5 Qb6 17. Be1 hxg5 18. Bf2 Qa5 19. hxg6 fxg6 20. Nxe6 Rc8 21. Bd4 Nde5 22. fxe5 dxe5 23. Qf2 Bxa3 24. Bxc4 Rxc4 25. Bxe5 Rf8 26. Nxf8 Rxc3 27. Bxc3 Qxc3 28. bxa3 Qxa3+ 29. Kd2 Qb4+ 30. Ke2 Qc4+ 31. Ke1 Bxe4 32. Qd4 Qxd4 33. Rxd4 Bxc2 34. Ne6 1-0

[Event "Titled Tuesday 2023.01.03 Early"]
[Site "Chess.com INT"]
[Date "2023.01.03"]
[Round "5"]
[White "Keleberda, Tymur"]
[Black "Manukian, Artak"]
[Result "0-1"]
[WhiteElo "2282"]
[BlackElo "2196"]
[WhiteFideId "-1"]
[BlackFideId "-1"]
[PlyCount "80"]
[GameId "1867342225510400"]
[EventDate "2023.01.03"]
[EventType "swiss (blitz)"]
[EventRounds "11"]
[EventCountry "NET"]
[SourceTitle "EXT 2024"]
[Source "ChessBase"]
[SourceDate "2023.10.10"]
[SourceVersion "1"]
[SourceVersionDate "2023.10.10"]
[SourceQuality "1"]

1. e4 c6 2. d4 d5 3. e5 Bf5 4. h4 h5 5. Bd3 Bxd3 6. Qxd3 e6 7. Bg5 Qa5+ 8. Nd2 Qa6 9. c4 Bb4 10. Ngf3 Nh6 11. Bxh6 Rxh6 12. O-O Nd7 13. a3 Bxd2 14. Nxd2 O-O-O 15. Qc3 Kb8 16. c5 Qe2 17. f3 Rg6 18. Rf2 Qa6 19. a4 f6 20. exf6 gxf6 21. b4 Rdg8 22. Qb3 Rxg2+ 23. Rxg2 Rxg2+ 24. Kxg2 Qe2+ 25. Kg3 Qxd2 26. Rd1 Qh6 27. Re1 e5 28. Qe3 Qg6+ 29. Kf2 Qc2+ 30. Re2 Qxa4 31. dxe5 fxe5 32. Qh6 Qxb4 33. Qh8+ Kc7 34. Qxh5 Qxc5+ 35. Kg2 a5 36. Qf5 Qc4 37. h5 Qxe2+ 38. Kg3 Qe1+ 39. Kg2 Qd2+ 40. Kg3 a4 0-1

[Event "Schwarzach im Pongau op"]
[Site "Schwarzach im Pongau AUT"]
[Date "2022.07.17"]
[Round "1.4"]
[White "Srbis, Jurica"]
[Black "Keleberda, Tymur"]
[Result "0-1"]
[WhiteElo "2472"]
[BlackElo "2141"]
[WhiteFideId "-1"]
[BlackFideId "-1"]
[PlyCount "66"]
[GameId "2130307573319438"]
[EventDate "2022.07.17"]
[EventType "swiss"]
[EventRounds "9"]
[EventCountry "AUT"]
[SourceTitle "10 Days #694"]
[Source "ChessMix"]
[SourceDate "2022.08.01"]
[SourceVersion "1"]
[SourceVersionDate "2022.08.01"]
[SourceQuality "1"]

1. Nf3 Nf6 2. b3 c5 3. c4 e6 4. Bb2 b6 5. g3 Bb7 6. Bg2 d5 7. cxd5 Bxd5 8. O-O Bb7 9. Qc2 Nc6 10. Rd1 Rc8 11. Nc3 Qd7 12. Qb1 Be7 13. e3 O-O 14. Ne2 h6 15. d4 cxd4 16. Nexd4 Qc7 17. a3 Nxd4 18. Bxd4 Be4 19. Qb2 Qb7 20. Ne1 Bxg2 21. Nxg2 Rfd8 22. a4 Rd7 23. Nf4 Rcd8 24. Nd3 Ne4 25. h4 Bf6 26. Qc2 Bxd4 27. exd4 Rxd4 28. Rac1 Qd5 29. Nb2 Nd2 30. Qc6 Nf3+ 31. Kf1 Qxc6 32. Rxc6 Rxd1+ 33. Nxd1 Rxd1+ 0-1

[Event "Schwarzach im Pongau op"]
[Site "Schwarzach im Pongau AUT"]
[Date "2022.07.17"]
[Round "2.3"]
[White "Keleberda, Tymur"]
[Black "Baidetskyi, Valentin"]
[Result "0-1"]
[WhiteElo "2141"]
[BlackElo "2443"]
[WhiteFideId "-1"]
[BlackFideId "-1"]
[PlyCount "148"]
[GameId "2130307573319444"]
[EventDate "2022.07.17"]
[EventType "swiss"]
[EventRounds "9"]
[EventCountry "AUT"]
[SourceTitle "10 Days #694"]
[Source "ChessMix"]
[SourceDate "2022.08.01"]
[SourceVersion "1"]
[SourceVersionDate "2022.08.01"]
[SourceQuality "1"]

1. e4 c6 2. d4 d5 3. e5 Bf5 4. h4 h6 5. g4 Be4 6. f3 Bh7 7. Bd3 Bxd3 8. Qxd3 e6 9. h5 c5 10. c3 Nc6 11. Ne2 Qb6 12. a3 c4 13. Qc2 O-O-O 14. f4 f6 15. Nd2 Nge7 16. Nf3 Qc7 17. Nh4 Qd7 18. Be3 Qe8 19. Kf2 Rg8 20. Qh7 fxe5 21. dxe5 g5 22. Nf3 Bg7 23. fxg5 hxg5 24. Bd4 Qd7 25. Kg2 Qc7 26. Rae1 Rdf8 27. Rh3 Bh8 28. Qh6 Nd8 29. Nxg5 Bg7 30. Qh7 Bxe5 31. Bxe5 Qxe5 32. Qxe7 Qxg5 33. Qxg5 Rxg5 34. Rg3 Re5 35. g5 Nf7 36. Rf1 Rxe2+ 37. Kg1 Kd7 38. g6 Ke8 39. Rgf3 Re5 40. Rxf7 Rg5+ 41. Kh2 Rh8 42. R1f3 Rhxh5+ 43. Rh3 Rxh3+ 44. Kxh3 b6 45. Rf6 Ke7 46. Rf7+ Ke8 47. Rf6 Ke7 48. Rf7+ Kd6 49. g7 e5 50. Rf6+ Ke7 51. Rf5 Rxg7 52. Rxe5+ Kd6 53. Re2 b5 54. Kh2 a5 55. Kh3 b4 56. axb4 axb4 57. Re8 Rb7 58. Kg4 bxc3 59. bxc3 Rb3 60. Re3 d4 61. Re4 dxc3 62. Rxc4 Kd5 63. Rc8 Rb4+ 64. Kf3 Rc4 65. Rd8+ Kc5 66. Ke3 Kb4 67. Rb8+ Ka3 68. Ra8+ Ra4 69. Rb8 Rb4 70. Rc8 Kb2 71. Kd3 Rb7 72. Rc6 Rd7+ 73. Ke2 c2 74. Rb6+ Kc1 0-1

[Event "Schwarzach im Pongau op"]
[Site "Schwarzach im Pongau AUT"]
[Date "2022.07.18"]
[Round "3.7"]
[White "Keleberda, Tymur"]
[Black "Bauer, Thomas"]
[Result "1-0"]
[WhiteElo "2141"]
[BlackElo "2228"]
[WhiteFideId "-1"]
[BlackFideId "-1"]
[PlyCount "63"]
[GameId "2130307573319458"]
[EventDate "2022.07.17"]
[EventType "swiss"]
[EventRounds "9"]
[EventCountry "AUT"]
[SourceTitle "10 Days #694"]
[Source "ChessMix"]
[SourceDate "2022.08.01"]
[SourceVersion "1"]
[SourceVersionDate "2022.08.01"]
[SourceQuality "1"]

1. e4 c5 2. Nf3 Nc6 3. Bb5 d6 4. h3 Bd7 5. O-O a6 6. Bd3 e5 7. c3 g5 8. Be2 h5 9. d4 Bh6 10. dxc5 g4 11. Nh2 gxh3 12. g3 h4 13. g4 dxc5 14. Nd2 Nf6 15. Nc4 Bxc1 16. Nd6+ Ke7 17. Rxc1 Nxg4 18. Nxb7 Qc7 19. Nxc5 Nf6 20. Nxd7 Rhg8+ 21. Kh1 Nxd7 22. Qa4 Nc5 23. Qa3 Nd8 24. Rcd1 Nde6 25. Ng4 Nf4 26. Bf3 Rg6 27. Ne3 Kf6 28. Rd5 Nb7 29. Rfd1 h2 30. Rd7 Qc5 31. Rxb7 Qxa3 32. bxa3 1-0

[Event "Schwarzach im Pongau op"]
[Site "Schwarzach im Pongau AUT"]
[Date "2022.07.19"]
[Round "4.6"]
[White "Ostovic, Matija"]
[Black "Keleberda, Tymur"]
[Result "1-0"]
[WhiteElo "2391"]
[BlackElo "2141"]
[WhiteFideId "-1"]
[BlackFideId "-1"]
[PlyCount "47"]
[GameId "2130307573319466"]
[EventDate "2022.07.17"]
[EventType "swiss"]
[EventRounds "9"]
[EventCountry "AUT"]
[SourceTitle "10 Days #694"]
[Source "ChessMix"]
[SourceDate "2022.08.01"]
[SourceVersion "1"]
[SourceVersionDate "2022.08.01"]
[SourceQuality "1"]

1. e4 c5 2. Nf3 d6 3. d4 cxd4 4. Nxd4 Nf6 5. Nc3 a6 6. Bg5 e6 7. f4 Qb6 8. Qd2 Qxb2 9. Rb1 Qa3 10. f5 Nc6 11. fxe6 fxe6 12. Nxc6 bxc6 13. e5 dxe5 14. Bxf6 gxf6 15. Ne4 Be7 16. Be2 O-O 17. Rb3 Qxa2 18. O-O f5 19. Rg3+ Kh8 20. Qh6 Rf7 21. Bh5 Bc5+ 22. Nxc5 Raa7 23. Bxf7 Rxf7 24. Qg5 1-0

[Event "Schwarzach im Pongau op"]
[Site "Schwarzach im Pongau AUT"]
[Date "2022.07.20"]
[Round "5.10"]
[White "Keleberda, Tymur"]
[Black "Rolletschek, Heinrich"]
[Result "1-0"]
[WhiteElo "2141"]
[BlackElo "2192"]
[WhiteFideId "-1"]
[BlackFideId "-1"]
[PlyCount "47"]
[GameId "2130307573319480"]
[EventDate "2022.07.17"]
[EventType "swiss"]
[EventRounds "9"]
[EventCountry "AUT"]
[SourceTitle "10 Days #694"]
[Source "ChessMix"]
[SourceDate "2022.08.01"]
[SourceVersion "1"]
[SourceVersionDate "2022.08.01"]
[SourceQuality "1"]

1. e4 e5 2. Nf3 d6 3. d4 Nf6 4. Nc3 Nbd7 5. Bc4 Be7 6. a4 O-O 7. a5 c6 8. Qe2 exd4 9. Nxd4 d5 10. exd5 cxd5 11. Bxd5 Bb4 12. Ba2 Nc5 13. Qc4 Qe7+ 14. Be3 Ng4 15. O-O Nxe3 16. fxe3 Bxc3 17. Qxc3 Bd7 18. Rf3 Kh8 19. Rxf7 Rxf7 20. Bxf7 Ne4 21. Qd3 Rf8 22. Bd5 Nf2 23. Qa3 Qf6 24. Nf3 1-0

[Event "Schwarzach im Pongau op"]
[Site "Schwarzach im Pongau AUT"]
[Date "2022.07.21"]
[Round "6.5"]
[White "Dgebuadze, Alexandre"]
[Black "Keleberda, Tymur"]
[Result "1/2-1/2"]
[WhiteElo "2458"]
[BlackElo "2141"]
[WhiteFideId "-1"]
[BlackFideId "-1"]
[PlyCount "85"]
[GameId "2130307573319485"]
[EventDate "2022.07.17"]
[EventType "swiss"]
[EventRounds "9"]
[EventCountry "AUT"]
[SourceTitle "10 Days #694"]
[Source "ChessMix"]
[SourceDate "2022.08.01"]
[SourceVersion "1"]
[SourceVersionDate "2022.08.01"]
[SourceQuality "1"]

1. e4 c5 2. Nf3 d6 3. d4 cxd4 4. Qxd4 a6 5. Be3 Nc6 6. Qd2 Nf6 7. Nc3 b5 8. Bd3 e6 9. h3 Bb7 10. O-O Be7 11. Rfe1 Qc7 12. a4 b4 13. Na2 O-O 14. Bf4 a5 15. c3 e5 16. Bg5 bxc3 17. Nxc3 Nb4 18. Nb5 Qd7 19. Rad1 Rfd8 20. Bc4 Nxe4 21. Qc1 Nxg5 22. Nxg5 d5 23. Bb3 Rac8 24. Qd2 Qf5 25. Nf3 Bf6 26. Qe2 e4 27. Nfd4 Qg5 28. Na7 Rc5 29. Nf3 Qf4 30. Nh2 Qb8 31. Ng4 Bg5 32. Nb5 Nd3 33. Rxd3 exd3 34. Qxd3 Rdc8 35. Nc3 Ba6 36. Qd1 d4 37. Qxd4 h5 38. Re5 Rxe5 39. Bxf7+ Kxf7 40. Nxe5+ Kg8 41. Qd5+ Kh7 42. Qe4+ Kg8 43. Qd5+ 1/2-1/2

[Event "Schwarzach im Pongau op"]
[Site "Schwarzach im Pongau AUT"]
[Date "2022.07.22"]
[Round "7.8"]
[White "Keleberda, Tymur"]
[Black "Koellner, Aaron Noah"]
[Result "1-0"]
[WhiteElo "2141"]
[BlackElo "2172"]
[WhiteFideId "-1"]
[BlackFideId "-1"]
[PlyCount "95"]
[GameId "2130307573323593"]
[EventDate "2022.07.17"]
[EventType "swiss"]
[EventRounds "9"]
[EventCountry "AUT"]
[SourceTitle "10 Days #694"]
[Source "ChessMix"]
[SourceDate "2022.08.01"]
[SourceVersion "1"]
[SourceVersionDate "2022.08.01"]
[SourceQuality "1"]

1. e4 d6 2. d4 Nf6 3. Nc3 Nbd7 4. Nf3 e5 5. Bc4 Be7 6. O-O O-O 7. a4 exd4 8. Nxd4 Ne5 9. Ba2 Nc6 10. Nxc6 bxc6 11. Bc4 a5 12. b3 Nd7 13. Be3 Bf6 14. Qd2 Qe7 15. Rad1 Bxc3 16. Qxc3 Ne5 17. Be2 c5 18. Rfe1 Bb7 19. f3 Kh8 20. Bc4 Qf6 21. Bf2 Qg6 22. Bg3 Rfe8 23. Bd5 Bxd5 24. Rxd5 Nc6 25. Rdd1 f6 26. Kh1 Qf7 27. Bf4 Rab8 28. Bc1 Kg8 29. Bb2 Rb6 30. Rd5 Nd4 31. Qd2 Nxc2 32. Rg1 Nb4 33. Rf5 Nc6 34. Bc3 Rxb3 35. g4 Ne7 36. Rf4 Ng6 37. Rf5 Qc4 38. Bxf6 gxf6 39. g5 Rxe4 40. gxf6 Rh4 41. f7+ Kf8 42. Re1 Rb8 43. Qe3 Qa2 44. Qe8+ Kg7 45. f8=Q+ Nxf8 46. Qe7+ Kg8 47. Rxf8+ Rxf8 48. Rg1+ 1-0

[Event "Schwarzach im Pongau op"]
[Site "Schwarzach im Pongau AUT"]
[Date "2022.07.23"]
[Round "8.4"]
[White "Venkatesh, Marani Rajendran"]
[Black "Keleberda, Tymur"]
[Result "0-1"]
[WhiteElo "2479"]
[BlackElo "2141"]
[WhiteFideId "-1"]
[BlackFideId "-1"]
[PlyCount "122"]
[GameId "2130307573323599"]
[EventDate "2022.07.17"]
[EventType "swiss"]
[EventRounds "9"]
[EventCountry "AUT"]
[SourceTitle "10 Days #694"]
[Source "ChessMix"]
[SourceDate "2022.08.01"]
[SourceVersion "1"]
[SourceVersionDate "2022.08.01"]
[SourceQuality "1"]

1. Nf3 Nf6 2. g3 d5 3. Bg2 e6 4. d3 b6 5. O-O Bb7 6. Nbd2 g6 7. e4 Bg7 8. e5 Nfd7 9. Re1 c5 10. c4 Qc7 11. cxd5 Bxd5 12. Ne4 O-O 13. Nc3 Nc6 14. Nxd5 exd5 15. e6 Nde5 16. Nxe5 Nxe5 17. e7 Rfe8 18. Bxd5 Rac8 19. f4 Qd6 20. Qb3 c4 21. dxc4 Nxc4 22. Bxc4 Qc5+ 23. Be3 Qxc4 24. Qa3 Qd5 25. Rad1 Qb7 26. Bf2 Bf6 27. Qd6 Bxe7 28. Qd7 Qc7 29. f5 Kf8 30. Qd4 Kg8 31. Qd7 Kf8 32. Qd4 Kg8 33. b4 Red8 34. Qe4 Rxd1 35. Rxd1 Bf6 36. fxg6 hxg6 37. Qf3 Qc6 38. Rd5 Qc3 39. Rd3 Qxb4 40. Rd7 Rc1+ 41. Kg2 Qb5 42. Rd3 Kg7 43. h4 Ra1 44. Rd6 Be5 45. Rd2 Qb1 46. Kh3 Rxa2 47. Rxa2 Qxa2 48. g4 Qc4 49. Kg2 Qf4 50. Qd1 Qh2+ 51. Kf3 Qh3+ 52. Ke4 Qg2+ 53. Kxe5 Qxf2 54. h5 g5 55. Kd6 Qf6+ 56. Kc7 b5 57. Kd7 b4 58. Ke8 b3 59. h6+ Qxh6 60. Qd4+ Qf6 61. Qb4 Qe6+ 0-1

[Event "Schwarzach im Pongau op"]
[Site "Schwarzach im Pongau AUT"]
[Date "2022.07.24"]
[Round "9.3"]
[White "Keleberda, Tymur"]
[Black "Palac, Mladen"]
[Result "1/2-1/2"]
[WhiteElo "2141"]
[BlackElo "2519"]
[WhiteFideId "-1"]
[BlackFideId "-1"]
[PlyCount "37"]
[GameId "2130307573323607"]
[EventDate "2022.07.17"]
[EventType "swiss"]
[EventRounds "9"]
[EventCountry "AUT"]
[SourceTitle "10 Days #694"]
[Source "ChessMix"]
[SourceDate "2022.08.01"]
[SourceVersion "1"]
[SourceVersionDate "2022.08.01"]
[SourceQuality "1"]

1. e4 c5 2. Nf3 d6 3. c3 Nf6 4. h3 Bd7 5. Bd3 Bc6 6. Qe2 e6 7. Bc2 Be7 8. d4 Nbd7 9. O-O O-O 10. Rd1 Qc7 11. Bf4 Rfe8 12. a4 b6 13. Nbd2 a6 14. Bh2 e5 15. Nc4 Bf8 16. dxe5 dxe5 17. Ne3 Nxe4 18. Nc4 Nef6 19. Nfxe5 1/2-1/2